000 00927nam a2200265 i 4500
001 105938
003 ES-MaACL
005 20251120063138.0
007 t|
008 060913s1974 sp |||| |dcat d
020 _a84-273-0355-6
080 _a32(46)"1902/31"
080 _a327.32(467.1)"1902/31"
080 _a929 Pérez Baró, Albert
100 1 _aPérez Baró, Albert,
_d1902-1989
_990657
245 1 5 _aEls "feliços" anys vint
_b: memáories d'un militant obrer 1918-1926 /
_cAlbert Pérez Baró.
260 _aPalma de Mallorca :
_bMoll,
_c1974.
300 _a203 p. ;
_c18 cm.
490 1 _aBiblioteca Raixa ;
_v96
650 1 4 _aMovimiento obrero-
_zCataluña.
_9170582
651 4 _aEspaña-
_xHistoria-
_y1902-1931, Alfonso XIII-
_vRelatos personales.
_9144642
830 0 _aBiblioteca Raixa ;
_v96
_9181878
852 _aES-MaACL
_jAND-882
_z. - Biblioteca Juan Andrade
999 _c105938
_d105938